[Event "Asuncion Mayor op 2nd"]
[Site "Asuncion"]
[Date "2015.06.14"]
[Round "6"]
[White "Torres, Christian"]
[Black "Salinas, Victor"]
[Result "1/2-1/2"]
[WhiteElo "1669"]
[BlackElo "1646"]
[PlyCount "145"]
[EventDate "2015.06.12"]
[EventType "swiss"]
[EventRounds "7"]
[EventCountry "PAR"]
[SourceTitle "EXT 2017"]
[Source "ChessBase"]
[SourceDate "2016.10.25"]
[SourceVersion "1"]
[SourceVersionDate "2016.10.25"]
[SourceQuality "1"]

1. e4 e5 2. Nf3 d6 3. d4 Nd7 4. Bc4 c6 5. a4 Be7 6. 0-0 Ngf6 7. Re1 0-0 8. Bg5 Qc7 9. Nc3 Nb6 10. Bb3 Bg4 11. dxe5 dxe5 12. a5 Nbd7 13. Qd3 Nc5 14. Qe3 Nxb3 15. cxb3 Rad8 16. Qxa7 Bxf3 17. gxf3 Ra8 18. Qb6 Qd7 19. Qe3 Nh5 20. Kh1 f6 21. Bh4 Qh3 22. Bg3 Rfd8 23. f4 exf4 24. Bxf4 Nxf4 25. Qxf4 Bd6 26. e5 Bxe5 27. Rxe5 fxe5 28. Qxe5 Re8 29. Qg3 Qxg3 30. hxg3 Re5 31. b4 Rae8 32. Kg2 Re1 33. Ra3 Rd8 34. Na4 Rd4 35. Rb3 Re2 36. Nc5 Re7 37. b5 Rc4 38. bxc6 bxc6 39. Nb7 Ra4 40. Rb6 Rxb7 41. Rxb7 Rxa5 42. b4 Rb5 43. Rxb5 cxb5 44. Kf3 Kf7 45. Ke4 Ke6 46. f4 g6 47. g4 h5 48. gxh5 gxh5 49. f5+ Kf6 50. Kf4 h4 51. Kg4 h3 52. Kxh3 Kxf5 53. Kg3 Ke4 54. Kf2 Kd3 55. Ke1 Kc2 56. Ke2 Kc3 57. Kd1 Kxb4 58. Kc2 Ka3 59. Kb1 Kb3 60. Ka1 Kc2 61. Ka2 Kc3 62. Kb1 b4 63. Ka2 Kc4 64. Kb2 b3 65. Kb1 Kc3 66. Kc1 Kb4 67. Kb2 Ka4 68. Kb1 Kb5 69. Kb2 Kc4 70. Kb1 Kb5 71. Kb2 Kb4 72. Kb1 Kc3 73. Kc1 1/2-1/2

[Event "Asuncion Prieto Memorial op"]
[Site "Asuncion"]
[Date "2011.01.13"]
[Round "8"]
[White "Torres, Christian"]
[Black "Saldana, Fernando Javier"]
[Result "0-1"]
[WhiteElo "1670"]
[BlackElo "1759"]
[PlyCount "154"]
[EventDate "2011.01.06"]
[EventType "swiss"]
[EventRounds "9"]
[EventCountry "PAR"]
[SourceTitle "EXT 2012"]
[Source "ChessBase"]
[SourceDate "2011.11.24"]
[SourceVersion "1"]
[SourceVersionDate "2011.11.24"]
[SourceQuality "1"]

1. e4 c5 2. Nf3 Nc6 3. d4 cxd4 4. Nxd4 Nf6 5. Nc3 a6 6. Bg5 Qb6 7. Nxc6 dxc6 8. Qd2 e5 9. Be3 Qa5 10. Bd3 Be6 11. 0-0 Be7 12. a3 b5 13. Ne2 Qc7 14. b4 c5 15. bxc5 Bxc5 16. Bxc5 Qxc5 17. Qb4 Rc8 18. Qxc5 Rxc5 19. a4 0-0 20. axb5 axb5 21. Rfb1 Bc4 22. Bxc4 Rxc4 23. Rxb5 Rxc2 24. Ng3 Ng4 25. Rf1 Re8 26. h3 Nf6 27. Rfb1 h5 28. Rb8 Rxb8 29. Rxb8+ Kh7 30. f3 g6 31. Rb5 h4 32. Nf1 Nh5 33. Rxe5 Kh6 34. Ne3 Ra2 35. Rc5 Nf4 36. Rc2 Ra3 37. Ng4+ Kg7 38. Kh2 Nh5 39. Kg1 Nf4 40. Rd2 Nh5 41. Ne5 Kf6 42. Nc4 Rc3 43. Nb6 Rb3 44. Nd5+ Kg7 45. Rc2 Ng3 46. Nc3 Rb7 47. Ne2 Nh5 48. Kf2 g5 49. g3 hxg3+ 50. Nxg3 Nf4 51. Ne2 Nh5 52. Rc5 Kg6 53. Rc6+ Kg7 54. Ng3 Rb2+ 55. Ne2 Nf4 56. Kg3 Rxe2 57. Kg4 Rg2+ 58. Kf5 Nxh3 59. e5 Nf4 60. Rd6 Ne6 61. Ke4 Re2+ 62. Kf5 Rh2 63. Kg4 Rh4+ 64. Kg3 Rd4 65. Rb6 Rd5 66. Rb4 Rxe5 67. Rg4 Nf4 68. Kf2 f6 69. Kf1 Re3 70. Kf2 Re2+ 71. Kf1 Ra2 72. Rg3 Kg6 73. Ke1 Kf5 74. Kf1 Ke5 75. Rg4 Kd4 76. Kg1 Ke3 77. Rg3 Ne2+ 0-1

[Event "Asuncion Prieto Memorial op"]
[Site "Asuncion"]
[Date "2011.01.09"]
[Round "4"]
[White "Lipiniks, Leonardo"]
[Black "Torres, Christian"]
[Result "1-0"]
[WhiteElo "1863"]
[BlackElo "1670"]
[PlyCount "47"]
[EventDate "2011.01.06"]
[EventType "swiss"]
[EventRounds "9"]
[EventCountry "PAR"]
[SourceTitle "EXT 2012"]
[Source "ChessBase"]
[SourceDate "2011.11.24"]
[SourceVersion "1"]
[SourceVersionDate "2011.11.24"]
[SourceQuality "1"]

1. e4 c5 2. Nf3 d6 3. d4 cxd4 4. Nxd4 Nf6 5. Nc3 a6 6. Be2 e6 7. Be3 Be7 8. 0-0 0-0 9. Kh1 Bd7 10. f4 Qc7 11. Qd2 Nc6 12. Nb3 Na5 13. Nxa5 Qxa5 14. e5 dxe5 15. fxe5 Qxe5 16. Bd4 Qc7 17. Qg5 h6 18. Qh4 Qa5 19. Bxf6 Bxf6 20. Rxf6 gxf6 21. Ne4 Bc6 22. Nxf6+ Kg7 23. Nh5+ Kg8 24. Qf6 1-0

[Event "Asuncion Prieto Memorial op"]
[Site "Asuncion"]
[Date "2011.01.06"]
[Round "1"]
[White "Coronel, Dario"]
[Black "Torres, Christian"]
[Result "1-0"]
[WhiteElo "1982"]
[BlackElo "1670"]
[PlyCount "59"]
[EventDate "2011.01.06"]
[EventType "swiss"]
[EventRounds "9"]
[EventCountry "PAR"]
[SourceTitle "EXT 2012"]
[Source "ChessBase"]
[SourceDate "2011.11.24"]
[SourceVersion "1"]
[SourceVersionDate "2011.11.24"]
[SourceQuality "1"]

1. e4 c5 2. Nf3 d6 3. d4 cxd4 4. Nxd4 Nf6 5. Nc3 a6 6. Bg5 e6 7. f4 Qb6 8. Qd2 Qxb2 9. Rb1 Qa3 10. Rb3 Qa5 11. Be2 Be7 12. 0-0 Nbd7 13. Qe3 Qc7 14. Na4 b5 15. Rc3 Nc5 16. Bxf6 gxf6 17. Nb2 b4 18. Rc4 a5 19. Nb5 Qb6 20. Rd4 Ba6 21. Nc4 Qxb5 22. Nxd6+ Bxd6 23. Bxb5+ Bxb5 24. Rxd6 Nb7 25. Rb6 Bxf1 26. Kxf1 Rb8 27. Qd4 Ke7 28. e5 fxe5 29. Qxe5 Rhg8 30. Qc7+ 1-0

[Event "Carlos Duria Memorial 4th"]
[Site "Asuncion"]
[Date "2010.01.22"]
[Round "3"]
[White "Torres, Christian"]
[Black "Vera, Lopez Ruben D"]
[Result "0-1"]
[WhiteElo "1670"]
[BlackElo "1892"]
[PlyCount "64"]
[EventDate "2010.01.20"]
[EventType "swiss"]
[EventRounds "9"]
[EventCountry "PAR"]
[SourceTitle "EXT 2023"]
[Source "ChessBase"]
[SourceDate "2022.10.05"]
[SourceVersion "1"]
[SourceVersionDate "2022.10.05"]
[SourceQuality "1"]

1. e4 e5 2. Nf3 Nc6 3. Bb5 d6 4. c3 Bd7 5. 0-0 Be7 6. Re1 Nf6 7. d3 0-0 8. Nbd2 h6 9. Nf1 Nh7 10. Ne3 Nb8 11. Bc4 c6 12. Bb3 Kh8 13. Bc2 Ng5 14. Kh1 Ne6 15. d4 exd4 16. cxd4 Ng5 17. Qd3 Nh7 18. Nf5 Bxf5 19. exf5 Bf6 20. Bf4 Na6 21. a3 Nc7 22. Nd2 Nb5 23. Nf3 Qd7 24. a4 Nc7 25. Nd2 Nd5 26. Be3 Nb4 27. Qb3 Nxc2 28. Qxc2 Bd8 29. b4 Nf6 30. Rab1 Bc7 31. Ne4 Qxf5 32. Bd2 d5 0-1